| 000 | 00395nam a2200157Ia 4500 | ||
|---|---|---|---|
| 003 | GCL | ||
| 008 | 140319s9999 xx 000 0 eng d | ||
| 040 |
_aGCL / _cGCL |
||
| 082 | 0 | 4 |
_a792.8 _bC B |
| 100 | 1 | _aCLARBE, MARY | |
| 245 | 1 | 0 |
_aBALLET: AN ILLUSTRATED HISTORY / _cCLARBE, MARY |
| 260 |
_a[S.N] : _bMANISH HANILTON ، _c1992 |
||
| 300 | _a304 PP | ||
| 650 | 0 | 4 | _aBALLETS |
| 942 |
_2ddc _cBK |
||
| 999 |
_c18128 _d18128 |
||